书目信息 |
| 题名: |
正常人体结构及护理应用
|
|
| 作者: | 夏广军 , 邵忠富 主编 | |
| 分册: | ||
| 出版信息: | 北京 人民卫生出版社 2013.8 |
|
| 页数: | 14,306页 | |
| 开本: | 26cm | |
| 丛书名: | ||
| 单 册: | ||
| 中图分类: | Q983 , R47 | |
| 科图分类: | ||
| 主题词: | 人体结构--职业教育--教材 , 护理学--职业教育--教材 , 人体结构 , 护理学 | |
| 电子资源: | ||
| ISBN: | 978-7-117-17822-8 | |
| 000 | 01176nam0 2200313 450 | |
| 001 | 0400004753 | |
| 005 | 20171024180535.0 | |
| 010 | @a978-7-117-17822-8@dCNY69.00 | |
| 090 | @aQ983@bxgj | |
| 100 | @a20140429e20162013em y0chiy50 ea | |
| 101 | 0 | @achi |
| 102 | @aCN@b110000 | |
| 105 | @aa z 001yy | |
| 106 | @ar | |
| 200 | 1 | @a正常人体结构及护理应用@9zheng chang ren ti jie gou ji hu li ying yong@f夏广军,邵忠富主编 |
| 210 | @a北京@c人民卫生出版社@d2013.8@h2016.7 | |
| 215 | @a14,306页@c图@d26cm | |
| 300 | @a国家卫生和计划生育委员会“十二五”规划教材 黑龙江省中高职衔接“五年贯通制”规划教材 供护理、助产专业用 | |
| 330 | @a本书分为十三章,内容包括细胞、基本组织、消化系统、呼吸系统、生殖系统、内分泌系统等,还有22个实验指导,包括显微镜的构造与使用、全身骨骼、消化系统大体结构、生殖系统大体结构、淋巴系统大体结构、人体胚胎发育等。 | |
| 606 | 0 | @a人体结构@x职业教育@j教材 |
| 606 | 0 | @a护理学@x职业教育@j教材 |
| 606 | 0 | @a人体结构 |
| 606 | 0 | @a护理学 |
| 690 | @aQ983@v5 | |
| 690 | @aR47@v5 | |
| 701 | 0 | @a夏广军@9xia guang jun@4主编 |
| 701 | 0 | @a邵忠富@9shao zhong fu@c(医学)@4主编 |
| 801 | 0 | @aCN@bNLC@c20171024 |
| 905 | @b1039170-4@dQ983@f5@e57 | |
| 正常人体结构及护理应用/夏广军,邵忠富主编.-北京:人民卫生出版社,2013.8(2016.7) |
| 14,306页:图;26cm |
| 国家卫生和计划生育委员会“十二五”规划教材 黑龙江省中高职衔接“五年贯通制”规划教材 供护理、助产专业用 |
| ISBN 978-7-117-17822-8:CNY69.00 |
| 本书分为十三章,内容包括细胞、基本组织、消化系统、呼吸系统、生殖系统、内分泌系统等,还有22个实验指导,包括显微镜的构造与使用、全身骨骼、消化系统大体结构、生殖系统大体结构、淋巴系统大体结构、人体胚胎发育等。 |
| ● |
| 相关链接 |
|
|
|
|
正题名:正常人体结构及护理应用
索取号:Q983/57
 
预约/预借
| 序号 | 登录号 | 条形码 | 馆藏地/架位号 | 状态 | 备注 |
| 1 | 1039170 | 210391707 | 第二样本阅览室/ [索取号:Q983/57] | 在馆 | |
| 2 | 1039171 | 210391716 | 生命科学系资料室/ [索取号:Q983/57] | 在馆 | |
| 3 | 1039172 | 210391725 | 第三借阅区/ [索取号:Q983/57] | 在馆 | |
| 4 | 1039173 | 210391734 | 第三借阅区/ [索取号:Q983/57] | 在馆 | |
| 5 | 1039174 | 210391743 | 第三借阅区/ [索取号:Q983/57] | 在馆 |